| 000 | 00736nam a22002777a 4500 | ||
|---|---|---|---|
| 001 | BR5900015 | ||
| 003 | BR-BrBNA | ||
| 005 | 20230928095504.0 | ||
| 007 | ta | ||
| 008 | 230509b bl.||||| |||| 00| 0 por d | ||
| 040 |
_aBR-BrBNA _bpor _cBiblioteca Nacional de Agricultura |
||
| 041 | _a(Por) | ||
| 072 |
_aP35; F04 _b514 |
||
| 090 | _ 514 BR5900015 | ||
| 100 | 1 | _aMalavolta, E. | |
| 245 | 1 | _aManual de quimica agricola, adubos e adubacao | |
| 260 | 3 |
_aSao Paulo, SP (Brasil): _bEditora Agronomica Ceres, _c1959. |
|
| 300 | _a487 p. | ||
| 500 | _a172 illus. | ||
| 650 | _aFertilizante | ||
| 650 | _aLegislacao | ||
| 650 | _aAdubo | ||
| 650 | _aFertilidade do Solo | ||
| 909 |
_a202309 _bLucia _c55 _dLucia Elande |
||
| 942 | _cBK | ||
| 999 |
_c56861 _d56861 |
||